000 00794nam a2200217 a 4500
001 000034798
005 20200930073918.0
008 111020s1992 pr 000 0 spa d
040 _aDO-SdBNP
_bspa
_cBNPHU
082 _aPR861.44
_bM433L, 1992
100 1 _aMatos Paoli, Francisco
_99210
245 1 0 _aLuz de los heroes /
_cFrancisco Matos Paoli ; recopilación y ordenación de Isabel Freire de Matos.
250 _a3a ed.
260 _aSan Juan, Puerto Rico, :
_bTaller Grpafico Gongolí,
_c1992.
300 _aii, 112 p. :
_bil. ;
_c21 cm.
590 _aPerteneció a la biblioteca personal de Juan Isidro Jimenes Grullón.
651 4 _aPuerto Rico
_xHistoria
_xPoesía
_960310
700 1 2 _aFreire de Matos, Isabel
_924966
910 _aValidado. Control de calidad MFF
049 _aBNGR
999 _c34289
_d34289